00456 2200169 4500001002100000005001500021008004100036020002200077035001900099041000700118082000800125090001400133100002700147245005400174260003200228300002600260INLIS00000000000075820241224112227241224||||||||| | ||| |||| || |  a978-979-098-057-0 0010-1224000758 aid0 a306 a306 SYA p0 aSyaiful Bahri Djamarah00aPola Asuh Orang Tua Dan Komunikasi Dalam Keluarga aJakartabRineka Ciptac2014 axii, 316 hlm; 20,5 cm